=LDR 00000nam 2200000 4500 =001 NUTBA000000000000675 =005 20140327164353.0 =006 =007 =008 =020 ##$$a 978-979-1227-29-2 =035 ##$$a 0010-031400000000674 =040 ##$$a Ind =082 ##$$a 813 =090 ##$$a 813$bSai r =100 ##$$a Saini K M =245 ##$$a Radan banyak sumba$cSaini K M =260 ##$$a Yogyakarta$bBentang$c2008. =300 ##$$a 358 Hlm$c16 cm =850 ##$$a NBPNMAT =990 ##$$a 21009330 =990 ##$$a 91972/BPAP-NTB/2014